|
|
|
|
| LEADER |
00000ny a22000003n 4500 |
| 005 |
20110510111416.0 |
| 008 |
950713c19uu9999us mr 0 b eng d |
| 035 |
|
|
|a 4001
|
| 040 |
|
|
|a BUS
|d vLex
|
| 090 |
|
|
|c 1504
|d 1504
|
| 245 |
0 |
0 |
|a BYU Law Review
|h [Recurso electrn̤ico]
|
| 246 |
|
|
|a Brigham Young University Law Review
|
| 256 |
|
|
|a Servicio en ln̕ea
|
| 260 |
|
|
|a Provo, UT :
|b Brigham Young University Law Review
|
| 506 |
1 |
|
|a Contenido solo disponible en los productos indicados
|d vLex Global
|d vLex Global (Academic Edition, excluding Law Schools)
|d vLex Global (U.S. Academic Edition, excluding Law Schools)
|
| 650 |
0 |
4 |
|a Derecho
|x Publicaciones perid̤icas
|
| 740 |
0 |
|
|a vLex Revista (Servicios en ln̕ea)
|
| 843 |
|
|
|a Electrn̤ica. Abierta
|
| 853 |
|
|
|8 1
|i (year)
|j (month)
|k (day)
|
| 856 |
4 |
0 |
|z Acceso restringido
|u http://vlex.com/source/byu-law-review-4001
|
| 942 |
|
|
|c REV
|